Customer Approach in Marketing Strategy
Interakcia spoločnosť a trh. Spotrebiteľský prístup v marketingovej stratégii. Výber vhodných spotrebiteľov. Komunikácia so spotrebiteľom.
Na minha lista:
| Autor principal: | |
|---|---|
| Formato: | Capítulo de Livro |
| Idioma: | inglês |
| Assuntos: | |
| Tags: |
Sem tags, seja o primeiro a adicionar uma tag!
|
MARC
| LEADER | 00000naa$a2200000$$$4500 | ||
|---|---|---|---|
| 001 | 0051632 | ||
| 005 | 20240502083136.2 | ||
| 041 | 0 | |a eng | |
| 044 | |a CZ | ||
| 245 | 1 | 0 | |a Customer Approach in Marketing Strategy |c Dagmar Lesáková |
| 520 | |a Interakcia spoločnosť a trh. Spotrebiteľský prístup v marketingovej stratégii. Výber vhodných spotrebiteľov. Komunikácia so spotrebiteľom. | ||
| 610 | 2 | 0 | |a zákazníci |
| 610 | 2 | 0 | |a spotrebitelia |
| 610 | 2 | 0 | |a stratégia marketingová |
| 610 | 2 | 0 | |a lojálnosť zákazníkov |
| 610 | 2 | 0 | |a komunikácia manažérska |
| 610 | 2 | 0 | |a komunikácia marketingová |
| 100 | 1 | |a Lesáková, Dagmar, 1949- | |